000 00414nam a2200133Ia 4500
005 20260326100045.0
008 260326s9999||||xx |||||||||||||| ||und||
100 _aSánchez Gama, Clara Eugenia
245 0 _aLa Casa isleña :
_b Patrimonio Cultural de San Andrés /
_cClara Eugenia Sánchez Gama
260 _bUniversidad Nacional de Ingeniería
300 _a155 p.
650 _aARQUITECTURA REGIONAL
942 _cBK
999 _c7168
_d7168